000 00410nam a2200157Ia 4500
008 230524s9999 xx 000 0 und d
082 _a621.384
_bRAP
100 _aTheodore S. Rappaport
245 0 _aWireless Communication Principles and Practice
250 _a2ND
260 _aNEW DELHI
_bPearson
_c2004
300 _aXXIII;707
500 _aQuantity Number: 155
650 _aElectronics
942 _cBK
999 _c26252
_d26252